Quizzes
Events
Quiz Creation
Community
Videos
Private Events
Remove Ads
Sign In
Join for FREE
Feedback
Dark Mode
Quiz Categories
Sports
Geography
Music
Movies
Television
Just For Fun
Miscellaneous
History
Literature
Language
Science
Gaming
Entertainment
Religion
Holiday
For Kids
Quiz Lab
Recent
Popular Today
Quiz Kudos Today
Editor Picks
Curator Picks
Quizzes by...
Day
Popularity
Type
Ratings
Length
Year
Community
Subscriptions
Recent Discussions
Orange Saloon
Badges
Playlists
Quests
Create
Leaderboards
Showdown
Live 5
Trivia Bingo
Activity
Puzzle Library
Sporcle Events
Private Events
Virtual Trivia
Globe League
Become a Host
Pub Owners
SporcleCon
Opinionation
Our Games
Videos
Blog
Mobile Apps
Partnerships
Remove Ads and Go Orange
Feedback
Just For Fun
Clickable
Get the Picture
Humor
Quick Pick
Word Ladder
Missing Word
Mixed Word
Blitz
Minefield
This or That
Alphabet
Color
Typing
Sporcle
Puzzle
Word Play
Follow That Line
Logic
Just For Fun
Clickable
Get the Picture
Humor
Quick Pick
Word Ladder
Missing Word
Mixed Word
Blitz
Minefield
This or That
Alphabet
Color
Typing
Sporcle
Puzzle
Word Play
Follow That Line
Logic
Random Quiz
Search Sporcle
×
Quiz Lab
Quiz Lab
Just For Fun
Lord of the Rings
Type in answers that appear in a list
Type in answers that appear in a list
Classic
Best Score? Go Orange.
LOTR Characters Stats
Can you name the LOTR Characters?
By
scootrue00
3m
23 Questions
142 Plays
142 Plays
142 Plays
Comments
Comments
Give Quiz Kudos
Give Quiz Kudos
-
- Ratings
hide this ad
Replay
Link that replays current quiz
Next Quiz
Link to next quiz in quiz playlist
You Got
0%
They Got
Avg Score
82%
Avg Friend Score
Upgrade to see
Score Distribution
Jump to the score distribution portion of the page
Score
0/23
Timer
03:00
0
Plays Today
Answer
% Correct
Aragorn
100%
Frodo
100%
Pippin
98.6%
Sam
98.6%
Merry
97.9%
Gimli
97.9%
Gandalf
97.2%
Legolas
97.2%
Boromir
91.5%
Saruman
91.5%
Faramir
89.4%
Sauron
88.7%
Answer
% Correct
Theoden
85.2%
Eowyn
84.5%
Eomer
81%
Elrond
80.3%
Gollum
79.6%
Galadriel
78.9%
Arwen
78.2%
Denethor II
72.5%
Treebeard
52.1%
The Witch-King of Angmar
42.3%
Nazgul
19%
Quiz Playlist
Details
Report
Send in Message
Add To Playlist
Classic:
Type in answers that appear in a list
Last Updated: Feb 16, 2017
Quiz Scoreboard
CHALLENGE
Sign Up to Join the Scoreboard
Show All
Scores
Hide
Comments
May contain spoilers
Recently Published
Pick 6: Fruits
by JohnFran
Miscellaneous
15s
Click the 1999 NBA Draft
by nibperrychub
Sports
2m
Alphabetical 'K' Countries by Flag Minefield
by ylime102
Geography
3m
More to Explore
Quiz From the Vault
Featured Blog Post
15 Basketball Trivia Facts You Can Be March Mad About
hide this ad
You Might Also Like...
Tags
Lord of the Rings Quiz
Character
Today's Top Quizzes in Just For Fun
Browse Just For Fun
hide this ad
Today's Top Quizzes in Lord of the Rings
Browse Lord of the Rings
Top Contributed Quizzes in Just For Fun
1
Just Another 1-25 Logic Puzzle
2
Seasons
3
Quick Pick: Spring Things
4
Pick 6: Letters
5
Pick 6: Foods
6
Pick 6: Colors
7
one piece logic puzzle
8
Crossword Whiteout! 41
9
Four Seasons
10
CrossWordLadder XXIII
Explore More
Trending Topics
Harry Potter
Marvel
Kpop
Crossword
Disney
Anime
NBA
Country
Puzzle
Pokémon
The Office
WWE
Song
NFL
Soccer
hide this ad
More By:
scootrue00
Quiz
Plays
Rating
Category
Featured
Created
20 More Anti-Jokes
64,770
4.46
Just For Fun
Dec 9, 2013
Original 150 Pokemon
3,870
3.00
Gaming
Aug 28, 2011
Original 151 pokemon by type
3,794
4.69
Gaming
Sep 4, 2011
Doctor Who Quotes (Clickable)
2,671
4.76
Television
Dec 7, 2013
Pokemon Theme Song Lyrics
1,711
3.46
Television
Oct 1, 2011
Go to Creator's Profile
Score Distribution
Quiz Creator Spotlight
scootrue00
Follow
Send a Message
Quizzes Created
-
Created Quiz Play Count
-
More By This Creator
Popular Quizzes Today
1
Find the US States - No Outlines Minefield
2
Countries of Asia Without Outlines Minefield
3
Pick 6: Fruits
4
Alphabetical 'K' Countries by Flag Minefield
5
The Countries of the World
6
Click the 1999 NBA Draft
7
Find the US States
8
Match the Book to the Film X
More Just For Fun Quizzes
Quick Pick - Proverbial Opposites!
Editor's Pick
Trending Quizzes
Pick 6: Harry Potter
Pick 6: Mountains
Pick 6: NFL Teams
Pick 6: Movie Franchises
Pick 6: Golfers
Recently Updated
Women's Final Four Teams by Year
bhenderson79
Presidents Quartet II
eogle
Anything But Clue(do)
eogle
Anything But Oceanian Capitals
eogle
Anything But 7
eogle
Anything But Thing
eogle
Word Ladder: February 29
pecheneg
Song Title Questions
pecheneg
Women's NCAA Tournament #1 Seeds
pecheneg
Celebrity Mug Shots
pecheneg
Trending Topics
NBA
Anime
Crossword
Kpop
Harry Potter
Disney
Marvel
WWE
Pokémon
Puzzle
Song
Soccer
Country
NFL
The Office
Your Account Isn't Verified!
In order to create a playlist on Sporcle, you need to verify the email address you used during registration. Go to your
Sporcle Settings
to finish the process.
Report this User
Report this user for behavior that violates our
Community Guidelines
.
Details:
Send Report
Go to the Sporcle.com Mobile Site →
Comments